Handbook of drugs and the nursing process

Bibliographic Details
Main Authors: Karch, Amy Morrison , 1949- (Author), Boyd, Eleanor H. (Author)
Format: Book
Published: Philadelphia : J. B. Lippincott , c1988
Subjects:

MARC

LEADER 00000cam a2200000 7i4500
001 0000005102
005 20240728093000.0
020 |a 039754653X 
050 0 0 |a RM263   |b .K37 1988 
090 0 0 |a RM263   |b .K37 1988 
100 0 |a Karch, Amy Morrison ,   |d 1949- ,   |e author 
245 1 0 |a Handbook of drugs and the nursing process   |c Amy M. Karch, Eleanor H. Boyd 
246 1 0 |a Drugs and the nursing process 
260 2 |a Philadelphia :   |b J. B. Lippincott ,   |c c1988 
300 |a xvii, 1304 p. ;   |c 21 cm. 
650 0 |a Chemotherapy   |v Handbooks, manuals, etc. 
650 0 |a Drugs   |v Handbooks, manuals, etc. 
650 0 |a Nursing 
700 1 |a Boyd, Eleanor H. ,   |e author 
999 |a 1000052032   |b Book   |c Reference   |e Gong Badak Campus